| 000 | 00000nas 2200000za 4500 |
| 001 | 9.505585 |
| 003 | CaOODSP |
| 005 | 20251028095235 |
| 007 | cr ||||||||||| |
| 008 | 150406c20039999oncar pso||||f0 a0eng|d |
| 022 | |a1912-9483 |
| 040 | |aCaOODSP|beng |
| 043 | |an-cn--- |
| 086 | 1 |aCC401E-PDF |
| 110 | 2 |aCanadian Air Transport Security Authority. |
| 222 | 0|aAnnual report |b(Canadian Air Transport Security Authority) |
| 240 | 10|aAnnual report (Online) |
| 245 | 10|aAnnual report |h[electronic resource] / |cCanadian Air Transport Security Authority. |
| 246 | 17|aCATSA annual report |
| 260 | |aOttawa : |bCanadian Air Transport Security Authority, |c[2004] - |
| 310 | |aAnnual |
| 362 | 1 |aBegan with 2003. |
| 500 | |aIssued also in French under title: Rapport annuel. |
| 520 | 3 |aFeatures CATSA’s accomplishments, activities and performance during the year. It includes a description of CATSA’s corporate governance and management, an analysis of the corporation’s performance and future outlook, and a detailed auditor’s report. CATSA’s mission is to protect the public by securing critical elements of the air transportation system as assigned by the government. |
| 530 | |aIssued also in printed form. |
| 775 | 08|tRapport annuel |w(CaOODSP)9.501984 |
| 776 | 0#|tCanadian Air Transport Security Authority - annual report |w(CaOODSP)9.511506 |
| 776 | 0#|tAdministration canadienne de la sûreté du transport aérien - rapport annuel |w(CaOODSP)9.511507 |